Take On Me - A-Ha - All Lyrics - Statistics

General Stats
  • This quiz has been taken 81 times
  • The average score is 120 of 161
Answer Stats
Answer % Correct
me
100%
me)
100%
on
100%
on)
100%
Take
100%
(Take
100%
I
98%
be
95%
a
94%
I'll
92%
gone
90%
you
87%
in
85%
to
85%
or
82%
say
79%
Say
79%
don't
77%
it
77%
away
74%
away?
74%
day
74%
anyway
73%
two
73%
what
73%
know
71%
I'm
68%
your
66%
for
65%
is
65%
So,
65%
the
65%
talking
61%
love
60%
"It's
53%
needless
53%
and
52%
find
50%
Today
50%
but
48%
that
47%
no
45%
Shyin'
44%
shyin'
44%
We're
42%
comin'
40%
my
40%
Okay?
40%
okay
40%
safe
40%
sorry"
40%
better
39%
than
39%
You're
39%
Oh,
35%
things
34%
after
32%
another
32%
just
32%
life
32%
odds
32%
all
31%
ends
31%
got
26%
I've
26%
remember
24%
worries
21%
learnin'
18%
Slowly
18%
Yeah,
16%
play
11%
stumblin'
11%
No matching quizzes found
Score Distribution
Percent of People with Each Score
Percentile by Number Answered
Your Score History
You have not taken this quiz